000 01426cam a22002174a 4500
005 20250605164223.0
008 250528s ||||||||||||||||||||||||d
035 _a20733
020 _a70500983
040 _aGR-AtMCL
_bgre
_dGR-AtMCL
_eAACR2
245 1 _aEconometric Models and Economic Forecasts / Third Edition
250 _a3rd
260 _bMcgraw Hill, Inc,
_c1991
300 _a600
520 _aPreface, Introduction, Single Equation Regression Models, Introduction to Regression Model, Elementary Statistics: A Review, The Two Variable Regression Model, The Multiple Regression Model, Using the Multiple Regression Model, Serial Correlation and Heteroscedasticity, Instrumental Variables and Model Specification, Forecasting with a Single-Equation Regression Model, Single - Equation Estimation: Advanced Topics, Multi - Equation Simulation Models, Simultaneous - Equation Estimation, Introduction to Simulation Models, Dynamic Behavior of Simulation Models, Time - Series Models, Smoothing and Extrapolation of Time Series, Properties of Stochastic Time Series, Linear Time - Series Models, Estimating and Checking Time - Series Models, Forecasting with Time - Series Models, Applications of Time - Series Models, Statistical Tables, Indexes, Author and Subject Index.
700 1 _aPindyck Robert S
_918
700 1 _aRubinfeld Daniel L
_96699
942 _cBK
999 _c5818
_d5818